Missing Word: 'C' in Every Category Quiz Stats

Quiz Updated Dec 6, 2015

Challenge
Share
Tweet
Embed
Score 0/15 Timer 02:00
20 Plays Today
Hint Missing Word % Correct
Twelve Days of _____Christmas
95%
Obsessive– _____ Personality Disorder Compulsive
92.4%
Ho _____ MinhChi
91.7%
_____ of Good HopeCape
88.8%
Monty Python's Flying _____Circus
87.6%
Creedence _____ RevivalClearwater
85.6%
_____ Brontë Charlotte
81.5%
_____ and LaddersChutes
81%
Hint Missing Word % Correct
Carnival _____ LinesCruise
64.3%
Saint Basil's _____Cathedral
62.7%
Serbo-_____Croatian
56.5%
La _____ aux FollesCage
55.3%
UEFA _____ LeagueChampions
46.7%
You Go Glen _____ - Sporcle badgeCoco
25.8%
The Discreet _____ of the BourgeoisieCharm
14.3%

Today's Daily Dose

Missing Word
April Birthdays

Quick Pick
Signature Pinks

On This Day
April 20th II

You're not logged in!

Compare scores with friends on all Sporcle quizzes.
Sign Up with Email
OR
Log In

You Might Also Like...

Show Comments

Extras

Top Quizzes Today


Score Distribution

Your Account Isn't Verified!

In order to create a playlist on Sporcle, you need to verify the email address you used during registration. Go to your Sporcle Settings to finish the process.

Report this User

Report this user for behavior that violates our Community Guidelines.

Details: